|
|
|
|
| LEADER |
00000nta a2200000 i 4500 |
| 001 |
dolg2881 |
| 005 |
20160303094940.0 |
| 008 |
150514suuuu hu om 000 hun d |
| 040 |
|
|
|a BGE Dolgozattár Repozitórium
|b hun
|
| 041 |
|
|
|a hu
|
| 100 |
1 |
|
|a Adorján Krisztián
|
| 245 |
1 |
2 |
|a A tehetséggondozás kérdései a duális szakképzésben
|c Adorján Krisztián
|h [elektronikus dokumentum]
|
| 246 |
1 |
1 |
|a A tehetséggondozás kérdései a duális szakképzésben
|
| 695 |
|
|
|a Tehetséggondozás
|
| 695 |
|
|
|a Duális szakképzés
|
| 700 |
1 |
|
|a Thuma Dr. Orsolya
|e ths
|
| 856 |
4 |
0 |
|u http://dolgozattar.uni-bge.hu/2881/1/SZAKDOLGOZAT%20ADORJ%C3%81N%20KRISZTI%C3%81N.pdf
|z Dokumentum-elérés
|